000 00663nam a2200229 a 4500
005 20140310183435.0
008 080201s19uu xx 00 eng d
020 _a0749446927
050 _aHD 30.28
_b.B3684 2006
100 _aBarrow, Colin
245 _aThe successful entrepreneur's guidebook :
_bwhere your are, where you want to be, how to get there. /
250 _a2nd ed.
260 _aLondon :
_bKogan Page,
_c2006.
300 _a338 p. :
_bill. ;
_c26 cm.
521 _aBSBA
650 _aBusiness planning.
650 _aIndustrial management.
700 _aBrown, Robert
700 _aClarke, Liz
942 _cBK
_2lcc
_kFOR
999 _c22866
_d22866